| 000 | 00795cam a2200265 i 4500 | ||
|---|---|---|---|
| 001 | bg | ||
| 003 | BPK | ||
| 005 | 20200406154329.0 | ||
| 008 | 981117s1998 pl a f |000 0 pol | ||
| 015 | _aPB 1999/609 | ||
| 020 | _a8321340474 | ||
| 040 |
_aWA N _cBPK |
||
| 041 | 0 | _apol | |
| 080 | _a514 | ||
| 080 | _a(07) | ||
| 100 | 1 | _aBłach, Anna. | |
| 245 | 1 | 0 |
_aGeometria : _bprzegląd wybranych zagadnień dla uczniów i studentów / _cAnna Błach. |
| 260 |
_aWarszawa : _b"Arkady", _c1998. |
||
| 300 |
_a144 s. : _brys., wykr., err. ; _c24 cm. |
||
| 655 | 4 | _aPodręcznik | |
| 650 | 4 | _aGeometria | |
| 710 | 2 |
_aWydawnictwo "Arkady". _4pbl. |
|
| 856 |
_uhttp://koha.tu.koszalin.pl/cgi-bin/koha/opac-detail.pl?biblionumber=52798 _yKatalog online BPK |
||
| 942 |
_2UKD _cKS |
||
| 999 |
_c52798 _d52798 |
||